Famous Football Players Picture Quiz - England - Statistics

General Stats
  • This quiz has been taken 1,554 times
  • The average score is 11 of 15
Answer Stats
Picture Answer % Correct
Wayne Rooney
98%
David Beckham
97%
Harry Kane
96%
Frank Lampard
91%
Steven Gerrard
90%
John Terry
83%
Alan Shearer
81%
Joe Hart
81%
Paul Scholes
80%
Robert Charlton
74%
Gary Neville
73%
Gary Lineker
68%
Michael Owen
63%
Peter Shilton
29%
Bryan Robson
26%
No matching quizzes found
Score Distribution
Percent of People with Each Score
Percentile by Number Answered
Your Score History
You have not taken this quiz